| 000 | 00584nam a2200229Ia 4500 | ||
|---|---|---|---|
| 003 | OSt | ||
| 005 | 20221007072920.0 | ||
| 006 | a|||||r|||| 00| 0 | ||
| 007 | ta | ||
| 008 | 221006b |||||||| |||| 00| 0 eng d | ||
| 024 | _a24,525 | ||
| 037 | _cTextual | ||
| 040 |
_aFLL _cFLL _beng |
||
| 041 |
_2eng _aeng |
||
| 082 | _aZ3q, M9 | ||
| 100 |
_aLely J.M. _9691626 |
||
| 245 | 0 | _aAnnual statutes | |
| 260 |
_aLondon _bSweet and Maxwell, Ltd. England _c1989 |
||
| 300 |
_aviii,557-787p _ccm. |
||
| 942 |
_hZ3q, M9 _cTEXL _2CC |
||
| 999 |
_c1147277 _d1147277 |
||